000 00670nam a2200181Ia 4500
003 GCL
008 140319s9999 xx 000 0 ara d
040 _aGCL /
_cGCL
082 0 4 _a239
_bم م
100 1 _aمجمع البحوث الاسلامية
245 1 0 _aالمؤتمر العالمى الرابع للسيرة والسنة النبوية والمؤتمر العاشر لمجمع البحوث الاسلامية /
_cمجمع البحوث الاسلامية
260 _a[S.N] :
_bمجمع البحوث الاسلامية ،
_c1982
300 _a930 ص
490 _a
650 0 4 _aالاسلام
650 0 4 _aالسيرة النبوية
942 _2ddc
_cBK
999 _c35808
_d35808